Carregando...
Research methods in mass communication
| Formato: | Printed Book |
|---|---|
| Publicado em: |
New Delhi
Kanishka
2019
|
| Assuntos: |
| LEADER | 00480nam a22001337a 4500 | ||
|---|---|---|---|
| 020 | |a 9788193998816 | ||
| 082 | |a 302.23072 |b VED/R | ||
| 245 | |a Research methods in mass communication | ||
| 260 | |a New Delhi |b Kanishka |c 2019 | ||
| 300 | |a 203p. | ||
| 650 | |a Mass media--Research--Methodology |a Information technology | ||
| 942 | |c BK | ||
| 999 | |c 59784 |d 59784 | ||
| 952 | |0 0 |1 0 |4 0 |6 302_230720000000000_VED_R |7 0 |9 66928 |a KUCL |c Stack |d 2020-11-12 |g 650.00 |l 0 |o 302.23072 VED/R |p 51500 |r 2020-11-12 |w 2020-11-12 |y BK | ||